Business correspondence with style: (Record no. 364056)
[ view plain ]
| 000 -LEADER | |
|---|---|
| fixed length control field | 00499nam a2200133Ia 4500 |
| 008 - FIXED-LENGTH DATA ELEMENTS--GENERAL INFORMATION | |
| fixed length control field | 200903s9999 xx 000 0 und d |
| 020 ## - INTERNATIONAL STANDARD BOOK NUMBER | |
| International Standard Book Number | 978-971-98-0873-2 |
| 100 ## - MAIN ENTRY--PERSONAL NAME | |
| Personal name | Barrot, Jessie S. |
| 245 ## - TITLE STATEMENT | |
| Statement of responsibility, etc | Jessie S. Barrot |
| Title | Business correspondence with style: |
| Remainder of title | a guide to effective business english and correspondence for college students and professionals/ |
| 260 ## - PUBLICATION, DISTRIBUTION, ETC. (IMPRINT) | |
| Place of publication, distribution, etc | Manila: |
| Name of publisher, distributor, etc | C and E Publishing, Inc. |
| Date of publication, distribution, etc | 2018 |
| 300 ## - PHYSICAL DESCRIPTION | |
| Extent | viii, 317 pages |
| Dimensions | 25 cm. |
| 500 ## - GENERAL NOTE | |
| General note | Includes index |
| 650 ## - SUBJECT ADDED ENTRY--TOPICAL TERM | |
| Topical term or geographic name as entry element | Economics |
| Withdrawn status | Lost status | Damaged status | Home library | Current library | Shelving location | Date acquired | Source of acquisition | Total Checkouts | Full call number | Barcode | Date last seen | Price effective from | Koha item type |
|---|---|---|---|---|---|---|---|---|---|---|---|---|---|
| College Library | College Library | Reserve Section | 09/03/2020 | Library Fund | HB 75 .B889 2019 | C22190 | 09/03/2020 | 09/03/2020 | Books |